Storybook style : (Record no. 26395)
[ view plain ]
| 000 -LEADER | |
|---|---|
| fixed length control field | 01502cam a2200361 a 4500 |
| 001 - CONTROL NUMBER | |
| control field | 12688779 |
| 005 - DATE AND TIME OF LATEST TRANSACTION | |
| control field | 20170204103318.0 |
| 008 - FIXED-LENGTH DATA ELEMENTS--GENERAL INFORMATION | |
| fixed length control field | 020228s2001 nyua 000 0 eng d |
| 010 ## - LIBRARY OF CONGRESS CONTROL NUMBER | |
| LC control number | 2002277134 |
| 020 ## - INTERNATIONAL STANDARD BOOK NUMBER | |
| International Standard Book Number | 0670893854 |
| 035 ## - SYSTEM CONTROL NUMBER | |
| System control number | (DLC) 2002277134 |
| 035 ## - SYSTEM CONTROL NUMBER | |
| System control number | (DLC)4781 |
| 035 ## - SYSTEM CONTROL NUMBER | |
| System control number | (OCoLC)ocm48381918 |
| 040 ## - CATALOGING SOURCE | |
| Original cataloging agency | VTL |
| Transcribing agency | VTL |
| Modifying agency | CPL |
| -- | DLC |
| 042 ## - AUTHENTICATION CODE | |
| Authentication code | lccopycat |
| 043 ## - GEOGRAPHIC AREA CODE | |
| Geographic area code | n-us--- |
| 050 00 - LIBRARY OF CONGRESS CALL NUMBER | |
| Classification number | NA7208 .G45 2001 |
| 100 1# - MAIN ENTRY--PERSONAL NAME | |
| Personal name | Gellner, Arrol. |
| 245 10 - TITLE STATEMENT | |
| Title | Storybook style : |
| Remainder of title | America's whimsical homes of the twenties / |
| Statement of responsibility, etc. | Arrol Gellner ; photographs by Douglas Keister. |
| 260 ## - PUBLICATION, DISTRIBUTION, ETC. (IMPRINT) | |
| Place of publication, distribution, etc. | New York, N.Y. : |
| Name of publisher, distributor, etc. | Viking Studio, |
| Date of publication, distribution, etc. | c2001. |
| 300 ## - PHYSICAL DESCRIPTION | |
| Extent | 160 p. : |
| Other physical details | col. ill. ; |
| Dimensions | 29 cm. |
| 650 #0 - SUBJECT ADDED ENTRY--TOPICAL TERM | |
| Topical term or geographic name as entry element | Architecture, Domestic |
| Geographic subdivision | United States. |
| 650 #0 - SUBJECT ADDED ENTRY--TOPICAL TERM | |
| Topical term or geographic name as entry element | Architecture |
| Geographic subdivision | United States |
| General subdivision | History |
| Chronological subdivision | 20th century. |
| 650 #0 - SUBJECT ADDED ENTRY--TOPICAL TERM | |
| Topical term or geographic name as entry element | Architecture, Medieval |
| General subdivision | Influence. |
| 700 1# - ADDED ENTRY--PERSONAL NAME | |
| Personal name | Keister, Douglas. |
| 856 42 - ELECTRONIC LOCATION AND ACCESS | |
| Materials specified | Contributor biographical information |
| Uniform Resource Identifier | <a href="http://www.loc.gov/catdir/enhancements/fy1203/2002277134-b.html">http://www.loc.gov/catdir/enhancements/fy1203/2002277134-b.html</a> |
| 856 42 - ELECTRONIC LOCATION AND ACCESS | |
| Materials specified | Publisher description |
| Uniform Resource Identifier | <a href="http://www.loc.gov/catdir/enhancements/fy1203/2002277134-d.html">http://www.loc.gov/catdir/enhancements/fy1203/2002277134-d.html</a> |
| 942 ## - ADDED ENTRY ELEMENTS (KOHA) | |
| Source of classification or shelving scheme | |
| Koha item type | Hard Covered Materials |
| Withdrawn status | Lost status | Source of classification or shelving scheme | Damaged status | Not for loan | Home library | Current library | Shelving location | Date acquired | Source of acquisition | Total Checkouts | Full call number | Barcode | Date last seen | Price effective from | Koha item type |
|---|---|---|---|---|---|---|---|---|---|---|---|---|---|---|---|
| MACHAKOS UNIVERSITY LIBRARY | MACHAKOS UNIVERSITY LIBRARY | Technical section | 04/02/2017 | Donation(BFA) | NA7208 .G45 2001 | 34150 | 03/08/2018 | 04/02/2017 | Hard Covered Materials |